| 000 | 01284cam a22002895a 4500 | ||
|---|---|---|---|
| 999 |
_c23733 _d23705 |
||
| 001 | ocm78072070 | ||
| 003 | OSt | ||
| 005 | 20201203143857.0 | ||
| 008 | 070110t2007 ilua frb 001 0 eng d | ||
| 020 | _a9780867154634 | ||
| 020 | _a0867154632 | ||
| 040 |
_aDNLM/DLC _cDLC _dBTCTA _dNLM _dEG-ScBUE _beng |
||
| 082 | 0 | 4 |
_a617.605 _bDEC _222 |
| 245 | 0 | 0 |
_aDecision making in oral and maxillofacial surgery / _cedited by Daniel M. Laskin, A. Omar Abubaker. |
| 260 |
_aChicago : _bQuintessence Publishing Co., _cc.2007. |
||
| 300 |
_axi, 267 p. : _bill ; _c21 x 30 cm. |
||
| 504 | _aIncludes bibliographical references and index. | ||
| 505 | 0 | _aDentoalveolar pathology -- Cysts -- Tumors and other lesions -- Trauma -- Dentofacial deformities -- Bone infection and necrosis -- Maxillary sinus pathology -- TMDs and orofacial pain -- Salivary gland pathology -- Maxillofacial reconstruction -- Sleep disorders -- Cleft lip and palate -- Diagnostic decision making -- General considerations. | |
| 650 | 7 |
_aMouth _xSurgery. _2BUEsh _936856 |
|
| 650 | 7 |
_aMaxilla _xSurgery. _2BUEsh _935959 |
|
| 650 | 7 |
_aDecision making. _2BUEsh _912112 |
|
| 651 | _2BUEsh | ||
| 653 | _cDecember2016 | ||
| 700 | 1 |
_aLaskin, Daniel M., _d1924- _eeditor. |
|
| 700 | 1 |
_aAbubaker, A. Omar, _eeditor. |
|
| 942 | _2ddc | ||